Los procesos de estructuración capitalista : desde la primera guerra mundial a los inicios del siglo xxi /

Guardado en:
Autor Principal: Lucchini, Cristina
Otros Autores: Ferrante, Juan, Mínguez, Roberto
Formato: Libro
Publicado: Buenos Aires : Biblos, 2001
Materias:
Etiquetas: Agregar Etiqueta
Sin Etiquetas, Sea el primero en etiquetar este registro!
LEADER 01093nam a22002655a 4500
001 CEM.cems013638
005 20120229103528.0
008 130507s2001##################000#0#####d
003 CEMS
020 |a 9507862889 
082 0 4 |a 330.1 
100 1 |a Lucchini, Cristina 
245 1 0 |a Los procesos de estructuración capitalista :  |b desde la primera guerra mundial a los inicios del siglo xxi /  |c Cristina Lucchini, Juan Ferrante y Roberto Mínguez 
260 |a Buenos Aires :  |b Biblos,  |c 2001 
300 |a 123 p. 
505 0 |a El mundo capitalista, de la primera posguerra a la década del 70 -- Crisis de las políticas keynesianas -- El proceso industrializador argentina a partir de 1958 -- Transformaciones a partir de 1976 
653 |a Capitalismo 
653 |a Procesos del capitalismo 
653 |a Capitalismo-transformaciones 
653 |a Noeliberalismo-argentina 
653 |a Terrorismo de estado-argentina 
653 |a Gobiernos desarrollistas-argentina 
700 1 |a Ferrante, Juan 
700 1 |a Mínguez, Roberto 
859 |a CEMS  |b BIB. CEMS - 11 de abril  |h 330.1  |i L962  |p 26266.12  |t Ej.1